[Event "Malaga op 15th"]
[Site "Malaga"]
[Date "2021.10.31"]
[Round "5"]
[White "Morera Rodriguez, Ignacio"]
[Black "Guadamuro Torrente, Anabel"]
[Result "1/2-1/2"]
[WhiteElo "1939"]
[BlackElo "2116"]
[PlyCount "201"]
[EventDate "2021.10.29"]
[EventType "swiss"]
[EventRounds "7"]
[EventCountry "ESP"]
[SourceTitle "CBM 204 Extra"]
[Source "ChessBase"]
[SourceDate "2021.11.30"]
[SourceVersion "1"]
[SourceVersionDate "2021.11.30"]
[SourceQuality "1"]

1. d4 d5 2. c4 c6 3. Nf3 Nf6 4. Nbd2 e6 5. g3 g6 6. Bg2 Bg7 7. 0-0 Nbd7 8. b3 0-0 9. Bb2 b6 10. Qc2 Bb7 11. e4 c5 12. exd5 exd5 13. dxc5 Nxc5 14. Rad1 Rc8 15. Qb1 Ba6 16. Rfe1 Re8 17. Nf1 Nfe4 18. Bxg7 Kxg7 19. Qa1+ Kg8 20. Rxd5 Qf6 21. Qxf6 Nxf6 22. Rxe8+ Rxe8 23. Rd2 Nfe4 24. Rc2 Nd3 25. Nd4 Ne1 26. Re2 Nxg2 27. Kxg2 Bb7 28. f3 Rd8 29. fxe4 Rxd4 30. Nd2 f5 31. Kf3 fxe4+ 32. Nxe4 g5 33. h4 h6 34. hxg5 hxg5 35. a4 Kf7 36. a5 Ke6 37. axb6 axb6 38. Kg4 Bxe4 39. Kxg5 Kd6 40. Kf6 Kc5 41. g4 Bb1 42. Re5+ Kc6 43. g5 Rf4+ 44. Kg7 Bc2 45. Re6+ Kb7 46. Re3 Ka6 47. Rc3 Be4 48. b4 Kb7 49. b5 Rg4 50. Kf6 Bb1 51. c5 Rf4+ 52. Ke5 Rf5+ 53. Kd6 Rxg5 54. cxb6 Kxb6 55. Rc8 Rg6+ 56. Ke5 Kb7 57. Rc5 Bd3 58. Rd5 Be2 59. Rd7+ Kc8 60. Rd5 Bxb5 61. Kf5 Rh6 62. Kg5 Rb6 63. Kf4 Bc6 64. Rd4 Kc7 65. Ke3 Rb5 66. Kf4 Kb6 67. Rd2 Kc5 68. Ke3 Rb4 69. Rd8 Rb3+ 70. Kf4 Bd5 71. Ke5 Re3+ 72. Kf4 Re1 73. Rh8 Kd4 74. Rh4 Rf1+ 75. Kg5+ Ke5 76. Rg4 Be4 77. Rg3 Rf8 78. Kh6 Kf6 79. Rg6+ Kf5 80. Kg7 Ra8 81. Rf6+ Ke5 82. Rf8 Ra6 83. Re8+ Kf5 84. Re7 Rg6+ 85. Kf8 Bd5 86. Rd7 Be6 87. Rc7 Ke5 88. Rg7 Rh6 89. Ke7 Bf5 90. Kf8 Rh8+ 91. Rg8 Rh6 92. Rg7 Ra6 93. Re7+ Be6 94. Rc7 Kd6 95. Rc1 Ra7 96. Rd1+ Ke5 97. Rf1 Bf5 98. Re1+ Kf6 99. Re8 Rf7+ 100. Kg8 Be6 101. Rf8 1/2-1/2

[Event "Malaga op 15th"]
[Site "Malaga"]
[Date "2021.10.29"]
[Round "2"]
[White "Morera Rodriguez, Ignacio"]
[Black "Perea Fruet, Lorenzo"]
[Result "1/2-1/2"]
[WhiteElo "1939"]
[BlackElo "2168"]
[PlyCount "116"]
[EventDate "2021.10.29"]
[EventType "swiss"]
[EventRounds "7"]
[EventCountry "ESP"]
[SourceTitle "CBM 204 Extra"]
[Source "ChessBase"]
[SourceDate "2021.11.30"]
[SourceVersion "1"]
[SourceVersionDate "2021.11.30"]
[SourceQuality "1"]

1. d4 Nf6 2. c4 e6 3. Nf3 b6 4. g3 Ba6 5. Nbd2 Bb7 6. Bg2 Be7 7. 0-0 d5 8. Qc2 0-0 9. b3 Nbd7 10. Bb2 Rc8 11. cxd5 exd5 12. Rac1 Bd6 13. Ne5 c5 14. Qf5 Qe7 15. Ndf3 cxd4 16. Nxd7 Nxd7 17. Nxd4 g6 18. Qg4 f5 19. Qh3 Nf6 20. Rxc8 Bxc8 21. Rc1 Bd7 22. Qh6 Be5 23. h4 Ne4 24. Bxe4 fxe4 25. Nc6 Bxc6 26. Bxe5 Qxe5 27. Rxc6 Qd4 28. Qe3 Qe5 29. Qc1 Rf7 30. e3 Kg7 31. Qc3 Qxc3 32. Rxc3 Kf6 33. Rc6+ Ke5 34. h5 gxh5 35. Rh6 Rd7 36. Rxh5+ Kd6 37. b4 Ke6 38. Rh6+ Kf5 39. Rc6 d4 40. exd4 Rxd4 41. Rc7 Rxb4 42. Rxa7 h5 43. Rf7+ Kg5 44. Rf4 Rb1+ 45. Kg2 Re1 46. a4 Kg6 47. Rf8 Rb1 48. Rb8 Rb4 49. Kf1 Kf5 50. Ke2 Ke5 51. Rh8 Rxa4 52. Rxh5+ Kd4 53. Rb5 Ra2+ 54. Kf1 e3 55. fxe3+ Kxe3 56. Rxb6 Kf3 57. Rb3+ Kg4 58. Re3 Kf5 1/2-1/2

[Event "Madrid-ch Previa-A"]
[Site "Madrid"]
[Date "2021.02.23"]
[Round "8"]
[White "Tapia Sanchez, Jose Manuel"]
[Black "Morera Rodriguez, Ignacio"]
[Result "1/2-1/2"]
[WhiteElo "1738"]
[BlackElo "1924"]
[PlyCount "100"]
[EventDate "2021.02.08"]
[EventType "swiss"]
[EventRounds "9"]
[EventCountry "ESP"]
[SourceTitle "EXT 2022"]
[Source "ChessBase"]
[SourceDate "2021.10.06"]
[SourceVersion "1"]
[SourceVersionDate "2021.10.06"]
[SourceQuality "1"]

1. e4 c5 2. Nc3 a6 3. d4 cxd4 4. Qxd4 Nc6 5. Qd2 d6 6. b3 Nf6 7. Bb2 b5 8. 0-0-0 e5 9. f4 Be7 10. Nf3 0-0 11. Kb1 b4 12. Nd5 Nxe4 13. Qe1 Nc3+ 14. Nxc3 bxc3 15. Qxc3 Qb6 16. fxe5 dxe5 17. Nxe5 Nxe5 18. Qxe5 Bf6 19. Qg3 Bxb2 20. Kxb2 a5 21. a4 Bf5 22. Bd3 Be6 23. Qh4 g6 24. Qf6 Rab8 25. h4 Qb4 26. Bb5 Rxb5 27. axb5 a4 28. Rd3 Rc8 29. Rd8+ Rxd8 30. Qxd8+ Kg7 31. Qd3 a3+ 32. Ka2 Bf5 33. Qc4 Qd2 34. Kxa3 Bxc2 35. Qb4 Qxg2 36. Rc1 Bf5 37. b6 Qa8+ 38. Qa4 Qd5 39. Qc6 Qa5+ 40. Kb2 Qd2+ 41. Rc2 Bxc2 42. Qxc2 Qd5 43. Qc7 Qd2+ 44. Qc2 Qd5 45. Qc3+ Kh6 46. Qe3+ Kg7 47. Qc3+ Kh6 48. Qf6 Qd2+ 49. Kb1 Qd1+ 50. Ka2 Qd2+ 1/2-1/2

[Event "Madrid-ch Previa-A"]
[Site "Madrid"]
[Date "2021.02.22"]
[Round "7"]
[White "Morera Rodriguez, Ignacio"]
[Black "Vega De Alba, Miguel"]
[Result "1/2-1/2"]
[WhiteElo "1924"]
[BlackElo "1759"]
[PlyCount "120"]
[EventDate "2021.02.08"]
[EventType "swiss"]
[EventRounds "9"]
[EventCountry "ESP"]
[SourceTitle "EXT 2022"]
[Source "ChessBase"]
[SourceDate "2021.10.06"]
[SourceVersion "1"]
[SourceVersionDate "2021.10.06"]
[SourceQuality "1"]

1. d4 d5 2. Nf3 Nf6 3. c4 e6 4. g3 Bb4+ 5. Bd2 Be7 6. Bg2 0-0 7. 0-0 c6 8. Qc2 Nbd7 9. Bf4 b6 10. Rd1 Ba6 11. Ne5 Nh5 12. Bc1 Rc8 13. cxd5 cxd5 14. Nc6 Qe8 15. Nxe7+ Qxe7 16. Qd2 Nhf6 17. b3 Rfd8 18. Ba3 Qe8 19. Nc3 Rc7 20. Rac1 Rdc8 21. h3 h6 22. g4 g5 23. h4 Nh7 24. e4 dxe4 25. Nxe4 Rxc1 26. Bxc1 Qe7 27. hxg5 hxg5 28. f4 Ndf6 29. fxg5 Nd5 30. Qf2 Qc7 31. Qh4 Qe7 32. Qh6 Qf8 33. g6 Qxh6 34. gxf7+ Kg7 35. Bxh6+ Kxh6 36. Nd6 Rd8 37. Be4 Ng5 38. Rc1 Nxe4 39. Nxe4 Kg7 40. Rc6 Kxf7 41. Ng5+ Ke7 42. Rxe6+ Kd7 43. Rh6 Rg8 44. Rh7+ Kc6 45. Ne6 Rxg4+ 46. Kf2 Bc8 47. Nd8+ Kb5 48. Rxa7 Rxd4 49. a4+ Kb4 50. Nc6+ Kc5 51. Nxd4 Kxd4 52. Rh7 Kc3 53. Rh3+ Kd4 54. Rh4+ Kd3 55. b4 Kc3 56. a5 Nxb4 57. axb6 Nd5 58. Rh6 Kb4 59. Rd6 Kc5 60. Rd8 Nxb6 1/2-1/2

[Event "Madrid-ch Previa-A"]
[Site "Madrid"]
[Date "2021.02.10"]
[Round "3"]
[White "Rico Jimenez, Samuel"]
[Black "Morera Rodriguez, Ignacio"]
[Result "0-1"]
[WhiteElo "1834"]
[BlackElo "1924"]
[PlyCount "46"]
[EventDate "2021.02.08"]
[EventType "swiss"]
[EventRounds "9"]
[EventCountry "ESP"]
[SourceTitle "EXT 2022"]
[Source "ChessBase"]
[SourceDate "2021.10.06"]
[SourceVersion "1"]
[SourceVersionDate "2021.10.06"]
[SourceQuality "1"]

1. e4 c5 2. Nf3 d6 3. d4 cxd4 4. Nxd4 Nf6 5. Nc3 a6 6. Qe2 e5 7. Nf5 d5 8. Bg5 d4 9. 0-0-0 Be6 10. f4 Qa5 11. Nd5 Nxd5 12. exd5 Qxd5 13. Ne3 Qxa2 14. Nc4 Qa1+ 15. Kd2 Bb4+ 16. c3 Bxc3+ 17. Kc2 Qa4+ 18. Kc1 Bxc4 19. Qxe5+ Be6 20. bxc3 Qa1+ 21. Kc2 Qxc3+ 22. Kb1 Nc6 23. Qxg7 Ba2+ 0-1

[Event "Madrid-ch Previa-A"]
[Site "Madrid"]
[Date "2021.02.09"]
[Round "2"]
[White "Morera Rodriguez, Ignacio"]
[Black "Torres Rebolledo, Victor"]
[Result "1/2-1/2"]
[WhiteElo "1924"]
[BlackElo "1818"]
[PlyCount "105"]
[EventDate "2021.02.08"]
[EventType "swiss"]
[EventRounds "9"]
[EventCountry "ESP"]
[SourceTitle "EXT 2022"]
[Source "ChessBase"]
[SourceDate "2021.10.06"]
[SourceVersion "1"]
[SourceVersionDate "2021.10.06"]
[SourceQuality "1"]

1. d4 d5 2. Nf3 Nf6 3. c4 e6 4. Qc2 Be7 5. g3 0-0 6. Bg2 dxc4 7. 0-0 b5 8. a4 b4 9. Ne5 Qxd4 10. Bxa8 Qxe5 11. Bg2 Ba6 12. Bf4 Qa5 13. Nd2 b3 14. Qc1 Qb4 15. e4 Nbd7 16. Nf3 Nxe4 17. Nd4 Bb7 18. Re1 Ndf6 19. Be5 Qc5 20. Bxf6 Bxf6 21. Bxe4 Bxe4 22. Rxe4 Bxd4 23. Qd2 e5 24. Rc1 Rb8 25. Kg2 g6 26. Qh6 Bxb2 27. Rexc4 Qd5+ 28. f3 Rd8 29. Rxc7 Qd2+ 30. Qxd2 Rxd2+ 31. Kh3 Bd4 32. Re1 b2 33. Rb1 h5 34. Rb7 g5 35. f4 f6 36. fxg5 fxg5 37. Rh1 Be3 38. g4 Bf4 39. gxh5 Rc2 40. Rb1 Bc1 41. Kg4 e4 42. h6 Rxh2 43. Kf5 Rxh6 44. R1xb2 Bxb2 45. Rxb2 Rb6 46. Rg2 Rb4 47. Rxg5+ Kf7 48. Rg4 Rxa4 49. Rxe4 Ra1 50. Ke5 a5 51. Kd4 a4 52. Kc3 a3 53. Kb3 1/2-1/2

[Event "Madrid-ch sf"]
[Site "Madrid"]
[Date "2017.04.05"]
[Round "8"]
[White "Ingunza Curro, Andres"]
[Black "Morera Rodriguez, Ignacio"]
[Result "0-1"]
[WhiteElo "1743"]
[BlackElo "1977"]
[PlyCount "126"]
[EventDate "2017.03.27"]
[EventType "swiss"]
[EventRounds "9"]
[EventCountry "ESP"]
[SourceTitle "CBM 177 Extra"]
[Source "ChessBase"]
[SourceDate "2017.04.27"]
[SourceVersion "1"]
[SourceVersionDate "2017.04.27"]
[SourceQuality "1"]

1. e4 c5 2. Nf3 d6 3. d4 cxd4 4. Nxd4 Nf6 5. f3 e6 6. c4 Be7 7. Nc3 Nc6 8. Be3 a6 9. Be2 0-0 10. 0-0 Re8 11. Qd2 Ne5 12. Rfd1 Qc7 13. b3 Bd7 14. Rac1 Rad8 15. Bf1 Bc6 16. Qf2 Ng6 17. h3 Nd7 18. b4 b6 19. Nd5 exd5 20. cxd5 Rc8 21. Bxa6 Ra8 22. Nxc6 Nb8 23. Bxb6 Qd7 24. Bb5 Bh4 25. Qe3 Rxa2 26. Nd4 Qe7 27. Ne2 Rf8 28. Qb3 Rxe2 29. Bxe2 Nf4 30. Bf1 Qg5 31. g4 h5 32. Be3 Nd7 33. Bxf4 Qxf4 34. Bg2 Ne5 35. b5 hxg4 36. fxg4 Bf2+ 37. Kh1 Be3 38. Rf1 Qg3 39. Qxe3 Qxe3 40. Rb1 Rb8 41. Rfc1 Kh7 42. Re1 Qd4 43. Red1 Nd3 44. Kh2 Qe5+ 45. Kg1 Nf4 46. Rb4 Nxg2 47. Kxg2 Kg6 48. Rdb1 Ra8 49. R1b2 Ra1 50. b6 Qf4 51. e5 Qf1+ 52. Kg3 Ra3+ 53. R4b3 Rxb3+ 54. Rxb3 Qg1+ 55. Kf4 Qd4+ 56. Kg3 Qxe5+ 57. Kf2 Qxd5 58. Rb1 Qd2+ 59. Kg1 Qd3 60. Rb4 Qg3+ 61. Kf1 Qxh3+ 62. Kg1 Qe3+ 63. Kh1 Qe1+ 0-1

[Event "Madrid-ch sf"]
[Site "Madrid"]
[Date "2017.03.31"]
[Round "5"]
[White "Guillo Longares, Cecilia"]
[Black "Morera Rodriguez, Ignacio"]
[Result "1/2-1/2"]
[WhiteElo "1919"]
[BlackElo "1977"]
[PlyCount "38"]
[EventDate "2017.03.27"]
[EventType "swiss"]
[EventRounds "9"]
[EventCountry "ESP"]
[SourceTitle "CBM 177 Extra"]
[Source "ChessBase"]
[SourceDate "2017.04.27"]
[SourceVersion "1"]
[SourceVersionDate "2017.04.27"]
[SourceQuality "1"]

1. d4 Nf6 2. c4 g6 3. Nc3 d5 4. cxd5 Nxd5 5. e4 Nxc3 6. bxc3 Bg7 7. Bc4 c5 8. Ne2 0-0 9. 0-0 Nc6 10. Be3 cxd4 11. cxd4 a6 12. Rc1 Bd7 13. Qd2 Qa5 14. Qb2 b5 15. Bd5 Rac8 16. Bd2 Qb6 17. Be3 Qa5 18. Bd2 Qb6 19. Be3 Qa5 1/2-1/2

[Event "Madrid-ch sf"]
[Site "Madrid"]
[Date "2017.03.30"]
[Round "4"]
[White "Morera Rodriguez, Ignacio"]
[Black "Molina Garcia, Francisco Javier"]
[Result "1-0"]
[WhiteElo "1977"]
[BlackElo "1922"]
[PlyCount "79"]
[EventDate "2017.03.27"]
[EventType "swiss"]
[EventRounds "9"]
[EventCountry "ESP"]
[SourceTitle "CBM 177 Extra"]
[Source "ChessBase"]
[SourceDate "2017.04.27"]
[SourceVersion "1"]
[SourceVersionDate "2017.04.27"]
[SourceQuality "1"]

1. d4 d5 2. c4 e6 3. Nf3 c6 4. g3 dxc4 5. Bg2 b5 6. 0-0 Bb7 7. Ne5 Nd7 8. a4 Nxe5 9. dxe5 Qxd1 10. Rxd1 a6 11. Nc3 Rb8 12. axb5 axb5 13. Ra7 Ne7 14. Nxb5 Nd5 15. Nc7+ Kd7 16. Nxd5 cxd5 17. e4 Bc5 18. Ra2 Ke7 19. exd5 exd5 20. Bg5+ f6 21. exf6+ gxf6 22. Bf4 Rbd8 23. Ra5 Bd6 24. Ra7 Rb8 25. Bxd5 Bxf4 26. gxf4 Rhd8 27. Re1+ Kd6 28. Bxb7 Rg8+ 29. Bg2 Rxb2 30. Ra5 c3 31. Rd5+ Kc7 32. Rc5+ Kd6 33. Rxc3 Rb4 34. Rd1+ Ke6 35. Kf1 Kf5 36. Rd5+ Ke6 37. Re3+ Kf7 38. Rd7+ Kf8 39. Rd8+ Kf7 40. Bd5+ 1-0

[Event "Madrid-ch Previa-B"]
[Site "Madrid"]
[Date "2017.02.17"]
[Round "6"]
[White "Morera Rodriguez, Ignacio"]
[Black "Ocana Lameiro, Oliver"]
[Result "1-0"]
[WhiteElo "1972"]
[BlackElo "1982"]
[PlyCount "81"]
[EventDate "2017.02.02"]
[EventType "swiss"]
[EventRounds "9"]
[EventCountry "ESP"]
[SourceTitle "EXT 2018"]
[Source "ChessBase"]
[SourceDate "2017.10.13"]
[SourceVersion "1"]
[SourceVersionDate "2017.10.13"]
[SourceQuality "1"]

1. d4 Nf6 2. c4 e6 3. Nf3 d5 4. g3 b6 5. Bg2 Bb7 6. Ne5 Nbd7 7. 0-0 Nxe5 8. dxe5 Nd7 9. cxd5 Nxe5 10. dxe6 Qxd1 11. exf7+ Nxf7 12. Rxd1 Bxg2 13. Kxg2 Nd6 14. Nc3 0-0-0 15. Bg5 Re8 16. Rac1 Kb7 17. Rc2 Nf7 18. Bf4 g5 19. Bc1 a6 20. b3 Bd6 21. Bb2 Re6 22. f3 Rhe8 23. Ne4 g4 24. Kf2 Rxe4 25. fxe4 Rxe4 26. Rc4 Rxc4 27. bxc4 Kc6 28. Rd5 b5 29. Rf5 Bc5+ 30. Kf1 Nd6 31. cxb5+ axb5 32. Rh5 Nc4 33. Bc1 b4 34. Rxh7 Be3 35. Bxe3 Nxe3+ 36. Ke1 Nd5 37. Rg7 Nc3 38. Rxg4 Nxa2 39. Rc4+ Kd6 40. Rc2 Nc3 41. Rxc3 1-0

[Event "Madrid San Viator op-A 27th"]
[Site "Madrid"]
[Date "2016.10.23"]
[Round "6"]
[White "Morera Rodriguez, Ignacio"]
[Black "Rodriguez Bittar, Karim Javier"]
[Result "1/2-1/2"]
[WhiteElo "1942"]
[BlackElo "1936"]
[PlyCount "84"]
[EventDate "2016.09.25"]
[EventType "swiss"]
[EventRounds "9"]
[EventCountry "ESP"]
[SourceTitle "EXT 2019"]
[Source "ChessBase"]
[SourceDate "2018.10.10"]
[SourceVersion "1"]
[SourceVersionDate "2018.10.10"]
[SourceQuality "1"]

1. d4 d5 2. Nf3 Nf6 3. g3 e6 4. Bg2 c5 5. e3 Be7 6. 0-0 Nbd7 7. b3 cxd4 8. exd4 b6 9. c4 Bb7 10. Ne5 0-0 11. Bb2 Qc7 12. Nc3 Nxe5 13. dxe5 Ne4 14. Nxe4 dxe4 15. Qe2 Qc6 16. Rae1 Rfd8 17. Bxe4 Qxe4 18. Qxe4 Bxe4 19. Rxe4 Rd2 20. Rb1 Bc5 21. Rf4 Rad8 22. Kg2 Rc2 23. Ba1 Rxa2 24. b4 Bxb4 25. Rxb4 Rxa1 26. c5 bxc5 27. Rb7 Rf8 28. Rc7 Ra5 29. Rc4 h6 30. h4 a6 31. Ra7 h5 32. Rc7 Rb5 33. R4xc5 Rxc5 34. Rxc5 Ra8 35. Ra5 Kf8 36. Kf3 Ke7 37. Kf4 f6 38. exf6+ Kxf6 39. Ke4 g6 40. Kf4 Ra7 41. Ke4 e5 42. f3 Ra8 1/2-1/2

[Event "Madrid San Viator op-A 27th"]
[Site "Madrid"]
[Date "2016.10.09"]
[Round "3"]
[White "Morera Rodriguez, Ignacio"]
[Black "Rodriguez Valero, Martin Jose"]
[Result "1-0"]
[WhiteElo "1942"]
[BlackElo "1808"]
[PlyCount "73"]
[EventDate "2016.09.25"]
[EventType "swiss"]
[EventRounds "9"]
[EventCountry "ESP"]
[SourceTitle "EXT 2017"]
[Source "ChessBase"]
[SourceDate "2016.10.25"]
[SourceVersion "1"]
[SourceVersionDate "2016.10.25"]
[SourceQuality "1"]

1. d4 Nf6 2. Nf3 g6 3. c4 Bg7 4. Nc3 0-0 5. e4 d6 6. Be2 e5 7. 0-0 Nc6 8. d5 Ne7 9. b4 Nh5 10. g3 f5 11. Ng5 Nf6 12. Bf3 h6 13. Ne6 Bxe6 14. dxe6 c6 15. Bg2 fxe4 16. Nxe4 Nxe4 17. Bxe4 d5 18. cxd5 cxd5 19. Bg2 Qd6 20. Ba3 Rfd8 21. Qb3 b5 22. Rad1 Qxe6 23. Rfe1 Rac8 24. Bb2 Rc4 25. Bf1 Nc6 26. a3 d4 27. Rc1 d3 28. Bxd3 Nd4 29. Bxd4 Rdxd4 30. Bxc4 bxc4 31. Qc2 e4 32. Re2 c3 33. Rce1 Qb6 34. Qxc3 Kh7 35. Qc2 Rd3 36. Rxe4 Rxa3 37. Re6 1-0

[Event "Madrid-ch sf-B"]
[Site "Madrid"]
[Date "2016.03.05"]
[Round "3"]
[White "Vukotic Jovsic, Dragan"]
[Black "Morera Rodriguez, Ignacio"]
[Result "0-1"]
[WhiteElo "1977"]
[BlackElo "1901"]
[PlyCount "76"]
[EventDate "2016.03.03"]
[EventType "swiss"]
[EventRounds "9"]
[EventCountry "ESP"]
[SourceTitle "EXT 2017"]
[Source "ChessBase"]
[SourceDate "2016.10.25"]
[SourceVersion "1"]
[SourceVersionDate "2016.10.25"]
[SourceQuality "1"]

1. d4 Nf6 2. Nf3 g6 3. Bf4 Bg7 4. e3 0-0 5. Be2 d6 6. 0-0 c5 7. c3 b6 8. Nbd2 Bb7 9. h3 Nbd7 10. Re1 Re8 11. Qb3 e5 12. Bg3 e4 13. Nh2 d5 14. a4 c4 15. Qa3 a6 16. b3 b5 17. axb5 axb5 18. Qb4 Qb6 19. bxc4 bxc4 20. Qxb6 Nxb6 21. Rab1 Nfd7 22. Bc7 Ra6 23. f3 exf3 24. Bxf3 Rc8 25. Nxc4 Rxc7 26. Nxb6 Rxb6 27. Rxb6 Nxb6 28. Rb1 Nc4 29. Kf2 Bc6 30. Rb8+ Bf8 31. Ng4 Kg7 32. Rd8 Be7 33. Rb8 h5 34. Nh2 Bg5 35. Nf1 Bb7 36. g4 h4 37. Re8 Nd6 38. Re5 Bf6 0-1

[Event "Madrid-ch sf-B"]
[Site "Madrid"]
[Date "2016.03.04"]
[Round "2"]
[White "Morera Rodriguez, Ignacio"]
[Black "Quispe Arteaga, Gabriel"]
[Result "0-1"]
[WhiteElo "1901"]
[BlackElo "2059"]
[PlyCount "98"]
[EventDate "2016.03.03"]
[EventType "swiss"]
[EventRounds "9"]
[EventCountry "ESP"]
[SourceTitle "EXT 2017"]
[Source "ChessBase"]
[SourceDate "2016.10.25"]
[SourceVersion "1"]
[SourceVersionDate "2016.10.25"]
[SourceQuality "1"]

1. d4 d5 2. Nf3 e6 3. g3 Nf6 4. Bg2 Bd6 5. 0-0 0-0 6. c4 c6 7. cxd5 exd5 8. Nc3 Bf5 9. a3 Nbd7 10. b4 Qe7 11. b5 Rfe8 12. bxc6 bxc6 13. Bg5 h6 14. Bxf6 Qxf6 15. Qa4 Nb6 16. Qd1 Nc4 17. Nd2 Qxd4 18. Nxc4 Qxc4 19. Nxd5 Rad8 20. Ne3 Qb5 21. Qc1 Be4 22. Bxe4 Rxe4 23. Rb1 Qa6 24. Qc2 Ree8 25. a4 Be7 26. h4 Qc8 27. Rfc1 c5 28. Rb5 Bf8 29. Rcb1 Qh3 30. R1b3 Rd4 31. Rb8 Qe6 32. Rxe8 Qxe8 33. a5 Rb4 34. Rd3 Qe4 35. Qc3 Rb1+ 36. Rd1 Rxd1+ 37. Nxd1 Qxe2 38. Ne3 Qb5 39. Kh2 Qb4 40. Qe5 Qxa5 41. Qe8 Qa2 42. Kg2 Qe6 43. Qa8 a6 44. Nd5 c4 45. Nf4 Qd6 46. Qc8 Qc5 47. Qxa6 c3 48. Qa1 c2 49. Qc1 Qc6+ 0-1

[Event "Madrid-ch Previa-B"]
[Site "Madrid"]
[Date "2016.02.13"]
[Round "5"]
[White "Tapia Sanchez, Jose Manuel"]
[Black "Morera Rodriguez, Ignacio"]
[Result "1-0"]
[WhiteElo "1699"]
[BlackElo "1895"]
[PlyCount "91"]
[EventDate "2016.02.04"]
[EventType "swiss"]
[EventRounds "9"]
[EventCountry "ESP"]
[SourceTitle "CBM 171 Extra"]
[Source "ChessBase"]
[SourceDate "2016.04.26"]
[SourceVersion "1"]
[SourceVersionDate "2016.04.26"]
[SourceQuality "1"]

1. e4 c5 2. Nf3 d6 3. d4 cxd4 4. Nxd4 Nf6 5. f3 a6 6. c4 e5 7. Nc2 Bd7 8. Nc3 Be7 9. Be2 Bc6 10. Be3 Nbd7 11. Qd2 h6 12. b4 Nb6 13. a4 a5 14. b5 Bd7 15. Nd5 Nfxd5 16. cxd5 Bg5 17. 0-0 Rc8 18. Rfc1 Bxe3+ 19. Nxe3 0-0 20. Qxa5 Ra8 21. Qb4 Qg5 22. Nf1 Bh3 23. g3 Rxa4 24. Rxa4 Qxc1 25. Ra2 Rc8 26. Qd2 Qc5+ 27. Ne3 Qc1+ 28. Nf1 Qc7 29. Ne3 Nd7 30. Rc2 Nc5 31. g4 Qe7 32. Nf5 Qf6 33. Qe3 Ra8 34. Kf2 h5 35. Kg3 hxg4 36. fxg4 Ra4 37. Rxc5 dxc5 38. Kxh3 g6 39. g5 Qh8+ 40. Nh6+ Kg7 41. Qxc5 Rxe4 42. Bf3 Rf4 43. Kg3 Qd8 44. h4 Qa8 45. d6 Rxf3+ 46. Kxf3 1-0

[Event "Madrid-ch sf-A"]
[Site "Madrid"]
[Date "2015.03.17"]
[Round "5"]
[White "Morera Rodriguez, Ignacio"]
[Black "Perea Blanco, David"]
[Result "1-0"]
[WhiteElo "1887"]
[BlackElo "1914"]
[PlyCount "57"]
[EventDate "2015.03.09"]
[EventType "swiss"]
[EventRounds "9"]
[EventCountry "ESP"]
[SourceTitle "CBM 165 Extra"]
[Source "ChessBase"]
[SourceDate "2015.04.21"]
[SourceVersion "1"]
[SourceVersionDate "2015.04.21"]
[SourceQuality "1"]

1. d4 d5 2. Nf3 Nf6 3. Bg5 Ne4 4. Bh4 c5 5. e3 Nc6 6. c3 Qb6 7. Qb3 c4 8. Qxb6 axb6 9. Nbd2 f5 10. Ne5 Nxd2 11. Kxd2 Nxe5 12. dxe5 e6 13. Be2 b5 14. g4 g6 15. gxf5 gxf5 16. Rhg1 Bh6 17. Bf6 Rf8 18. Rg3 Rxf6 19. exf6 Kf7 20. Rh3 Bf8 21. Rxh7+ Kxf6 22. Bh5 Ke5 23. f4+ Kd6 24. Be8 Kc5 25. Rh8 Bd6 26. Bd7 Bxd7 27. Rxa8 b4 28. cxb4+ Kxb4 29. Rd8 1-0

[Event "Madrid-ch sf-A"]
[Site "Madrid"]
[Date "2015.03.10"]
[Round "2"]
[White "Pinel Mirasierra, Jose Pablo"]
[Black "Morera Rodriguez, Ignacio"]
[Result "1-0"]
[WhiteElo "2021"]
[BlackElo "1887"]
[PlyCount "97"]
[EventDate "2015.03.09"]
[EventType "swiss"]
[EventRounds "9"]
[EventCountry "ESP"]
[SourceTitle "CBM 165 Extra"]
[Source "ChessBase"]
[SourceDate "2015.04.21"]
[SourceVersion "1"]
[SourceVersionDate "2015.04.21"]
[SourceQuality "1"]

1. d4 Nf6 2. Nf3 g6 3. g3 Bg7 4. Bg2 0-0 5. c4 d5 6. cxd5 Nxd5 7. Nc3 Nxc3 8. bxc3 c5 9. 0-0 cxd4 10. cxd4 Nc6 11. Bb2 Qb6 12. Qd2 Rd8 13. Rfd1 Bg4 14. e3 e5 15. Rdb1 Bf5 16. Rd1 Be4 17. Qe2 exd4 18. exd4 Bxf3 19. Bxf3 Bxd4 20. Bxd4 Nxd4 21. Qe4 Nxf3+ 22. Qxf3 Qa6 23. a3 b6 24. Rac1 Rdc8 25. Rb1 Rd8 26. Re1 Re8 27. Re3 Rad8 28. Rbe1 Rxe3 29. Rxe3 Qc4 30. Re7 Rd3 31. Qe2 Qc1+ 32. Kg2 Qc6+ 33. Kg1 Rxa3 34. Re8+ Kg7 35. Qe5+ Qf6 36. Rg8+ Kxg8 37. Qxf6 Ra5 38. Kf1 Rd5 39. h4 h5 40. Ke2 b5 41. Qc6 Re5+ 42. Kd3 Rf5 43. Qa8+ Kh7 44. Qxa7 Rf6 45. Qc5 Rf5 46. Qb6 Kh6 47. Ke4 f6 48. Qd8 Rxf2 49. Qh8# 1-0

[Event "Madrid-ch sf-A"]
[Site "Madrid"]
[Date "2015.03.09"]
[Round "1"]
[White "Morera Rodriguez, Ignacio"]
[Black "Beyerholm, Arne"]
[Result "0-1"]
[WhiteElo "1887"]
[BlackElo "2058"]
[PlyCount "84"]
[EventDate "2015.03.09"]
[EventType "swiss"]
[EventRounds "9"]
[EventCountry "ESP"]
[SourceTitle "CBM 165 Extra"]
[Source "ChessBase"]
[SourceDate "2015.04.21"]
[SourceVersion "1"]
[SourceVersionDate "2015.04.21"]
[SourceQuality "1"]

1. d4 d5 2. c4 e6 3. Nf3 Nf6 4. g3 dxc4 5. Bg2 a6 6. 0-0 Nc6 7. e3 Rb8 8. Nfd2 Be7 9. Nxc4 0-0 10. Nc3 Bd7 11. e4 b5 12. Ne3 b4 13. Ne2 Na7 14. e5 Ne8 15. Qc2 Bb5 16. Rd1 c6 17. Nf4 Nc7 18. a4 bxa3 19. bxa3 a5 20. a4 Ba6 21. Bxc6 Nxc6 22. Qxc6 Bb7 23. Qc2 Bf3 24. Re1 Na6 25. Qd3 Nb4 26. Qd2 Bg5 27. Nh3 Bh6 28. Ba3 Qd7 29. g4 Bxg4 30. Kg2 Qb7+ 31. d5 Nxd5 32. Kg3 Nxe3 33. Rxe3 Rfd8 34. Bd6 Bxh3 35. Kxh3 Bxe3 36. Qxe3 Qb2 37. Ra3 Rbc8 38. Rd3 Qb1 39. Kg2 h6 40. Qd2 Rd7 41. Rg3 Qe4+ 42. Kg1 Rb7 0-1

[Event "Madrid San Viator op 22nd"]
[Site "Madrid"]
[Date "2014.05.25"]
[Round "8"]
[White "San Felipe Gonzalez, Tomas"]
[Black "Morera Rodriguez, Ignacio"]
[Result "0-1"]
[WhiteElo "1701"]
[BlackElo "1843"]
[PlyCount "66"]
[EventDate "2014.03.23"]
[EventType "swiss"]
[EventRounds "9"]
[EventCountry "ESP"]
[SourceTitle "EXT 2015"]
[Source "ChessBase"]
[SourceDate "2014.11.20"]
[SourceVersion "1"]
[SourceVersionDate "2014.11.20"]
[SourceQuality "1"]

1. d4 Nf6 2. c4 g6 3. Nc3 d5 4. cxd5 Nxd5 5. e4 Nxc3 6. bxc3 Bg7 7. Qa4+ Bd7 8. Qa3 0-0 9. Nf3 Qc8 10. Bg5 e6 11. Be2 c5 12. Be7 cxd4 13. Bxf8 Bxf8 14. Qb4 Qxc3+ 15. Qxc3 dxc3 16. 0-0 c2 17. a4 Nc6 18. Bb5 a6 19. Bc4 Rc8 20. Rfc1 Nb4 21. Ne5 Bh6 22. Nxd7 Rxc4 23. Ne5 Rxe4 24. Nf3 Bxc1 25. Rxc1 Rc4 26. Ne1 Rd4 27. Nxc2 Nxc2 28. Kf1 Nb4 29. Rc8+ Kg7 30. Rc7 Nd5 31. Rxb7 Rxa4 32. g3 Ra1+ 33. Kg2 a5 0-1